书目信息 |
| 题名: |
水稻暝虫及其预测预报
|
|
| 作者: | ;林 郁 著 ;中国人民共和国农业部植物保护局 编审 | |
| 分册: | ||
| 出版信息: | 北京 财经经济出版社 1957 |
|
| 页数: | 151页 | |
| 开本: | 20cm | |
| 丛书名: | ||
| 单 册: | ||
| 中图分类: | S435.11 | |
| 科图分类: | ||
| 主题词: | 植物--病虫害 , 植物--病虫害防治方法 | |
| 电子资源: | ||
| ISBN: | ||
| 000 | 00760nam0 2200205 450 | |
| 001 | 0634410490 | |
| 005 | 20060801093929.84 | |
| 010 | @dCNY0.50 | |
| 100 | @a20060801d1957 km y0chiy0120 ea | |
| 101 | 0 | @achi |
| 200 | 1 | @a水稻暝虫及其预测预报@Ashui dao ming chong ji qi yu ce yu bao@f中国人民共和国农业部植物保护局 编审@Fzhong guo ren min gong he guo nong ye bu zhi wu bao hu ju bian shen@g林 郁 著@Glin yu zhu |
| 210 | @a北京@c财经经济出版社@d1957 | |
| 215 | @a151页@d20cm | |
| 606 | 0 | @a植物@x病虫害 |
| 606 | 0 | @a植物@x病虫害防治方法 |
| 690 | @aS435.11@v3 | |
| 702 | 0 | @a林 郁@Alin yu@4著 |
| 711 | 0 | @a中国人民共和国农业部植物保护局@Azhong guo ren min gong he guo nong ye bu zhi wu bao hu ju@4编审 |
| 801 | 0 | @aCN@bPFT@c20060801 |
| 905 | @a10447@dS435.11@e34 | |
| 水稻暝虫及其预测预报/中国人民共和国农业部植物保护局 编审/林 郁 著.-北京:财经经济出版社,1957 |
| 151页;20cm |
| ISBN :CNY0.50 |
| ● |
| 相关链接 |
|
|
|
|
正题名:水稻暝虫及其预测预报
索取号:S435.11/34
 
预约/预借
| 序号 | 登录号 | 条形码 | 馆藏地/架位号 | 状态 | 备注 |
| 1 | 0439280 | 204392807 | 密集书库/ [索取号:S435.11/34] | 在馆 |